| 000 | 005820000a22001810004500 | ||
|---|---|---|---|
| 003 | MACL | ||
| 005 | 20160316171024.0 | ||
| 008 | 160316b xxu||||| |||| 00| 0 eng d | ||
| 040 |
_aMACL _cMACL |
||
| 041 | _aHindi | ||
| 082 | _a920 | ||
| 100 |
_aकालेलकर काका _937987 |
||
| 245 | _aपांचवें पुत्र को बापू के आशीर्वाद | ||
| 260 |
_bसस्ता साहित्य मंडल _c1953 _aनई दिल्ली |
||
| 350 | _a8 | ||
| 650 |
_aBiography _946760 |
||
| 942 |
_cHIN _k920 _2ddc |
||
| 999 |
_c23136 _d23136 |
||